Türkiye Cumhurbaşkanları - Statistics

General Stats
  • This quiz has been taken 16 145 times
  • The average score is 8 of 12
Answer Stats
Sıra Zaman Cumhurbaşkanı % Correct
1 1923-1938 Mustafa Kemal Atatürk
99%
2 1938-1950 İsmet İnönü
95%
12 2014- Recep Tayyip Erdoğan
92%
11 2007-2014 Abdullah Gül
76%
3 1950-1960 Celâl Bayar
68%
8 1989-1993 Turgut Özal
66%
7 1980-1989 Kenan Evren
63%
9 1993-2000 Süleyman Demirel
59%
10 2000-2007 Ahmet Necdet Sezer
47%
4 1960-1966 Cemal Gürsel
40%
6 1973-1980 Fahri Korutürk
35%
5 1966-1973 Cevdet Sunay
28%
No matching quizzes found
Score Distribution
Percent of People with Each Score
Percentile by Number Answered
Your Score History
You have not taken this quiz